PC World
| Format: | Journal |
|---|---|
| Language: | Czech |
| PhysicalDescription: | 18 zv. 35 cm |
| Published: |
Praha
IDG Czechoslovakia IDG Communications
1991-1998
Praha IDG Czechoslovakia Praha IDG Publishing Praha IDG Czech |
| ISSN: | 1210-1079 |
| Subjects: | |
| Online Access: | www.pcworld.cz |
MARC
| LEADER | 00000nas a2200000 a 4500 | ||
|---|---|---|---|
| 001 | vtls008423699 | ||
| 003 | SK-MaSNL | ||
| 005 | 20260228161013.0 | ||
| 008 | 060112d19912008xr mr p 0 b0cze d | ||
| 022 | |a 1210-1079 | ||
| 040 | |a SVKPO |b slo |c SVKPO |d STUSCHK1 |d SVKBB |e AACR2 | ||
| 041 | 0 | |a cze | |
| 044 | |a xr |c CZ | ||
| 080 | |a 004 |2 MDT-MRF | ||
| 080 | |a 681.5 |2 MDT-MRF | ||
| 080 | |a 050 | ||
| 210 | 0 | |a PC World |b Praha | |
| 245 | 0 | 0 | |a PC World |
| 247 | 0 | 1 | |a PC World |b Specializovaný měsíčník o výpočetní technice. |f 1991-1994 |
| 247 | 0 | 1 | |a PC World |b Průvodce světem osobních počítačů. |f 1995-9/1998 |
| 247 | 0 | 1 | |a PC World |b Magazín digitálního věku. |f 10/1998-1999 |
| 260 | |a Praha |b IDG Czechoslovakia |b IDG Communications |c 1991-1998 | ||
| 260 | 2 | |3 1/1999 |a Praha |b IDG Czechoslovakia | |
| 260 | 2 | |3 2-8/1999 |a Praha |b IDG Publishing | |
| 260 | 3 | |3 9/1999-2008 |a Praha |b IDG Czech | |
| 300 | |a 18 zv. |c 35 cm | ||
| 310 | |a 1x mesačne | ||
| 362 | 0 | |a Roč. 1, č. 1(1991)-č. 12 (2008) | |
| 650 | 0 | 7 | |a softvér |9 1223 |
| 650 | 0 | 7 | |a hardvér |9 1221 |
| 650 | 0 | 7 | |a výpočtová technika |9 1126 |
| 850 | |a Štátna vedecká knižnica v Prešove | ||
| 852 | |a Štátna vedecká knižnica v Banskej Bystrici | ||
| 856 | 4 | 1 | |u www.pcworld.cz |
| 910 | |a SCHK95 | ||
| 999 | |c 4073 |d 6003 | ||
| 952 | |0 0 |1 1 |4 0 |7 0 |8 4 |a SNK |b SNK |d 2011-05-17 |i snk2001/40 |l 0 |o snkČB 5017/1994/1 |p 17A0699725 |r 2026-02-21 19:57:13 |t č. 1 -5 |w 2026-02-21 |y PREZ | ||
| 952 | |0 0 |1 1 |4 0 |7 0 |8 4 |a SNK |b SNK |d 2011-05-17 |i snk2001/41 |l 0 |o snkČB 5017/1994/2 |p 17A0699727 |r 2026-02-21 19:57:13 |t č. 6-10 |w 2026-02-21 |y PREZ | ||
| 952 | |0 0 |1 1 |4 0 |7 0 |a SNK |b SNK |d 2012-08-20 |i snk2001/39 |l 0 |o snkČB 5017/1995/2 |p 17A1019691 |r 2026-02-21 21:02:13 |t č. 7-14 |w 2026-02-21 |y PREZ | ||
| 952 | |0 0 |1 1 |4 0 |7 0 |8 4 |a SNK |b SNK |d 2012-08-20 |i snk2001/38 |l 0 |o snkČB 5017/1995/1 |p 17A1019693 |r 2026-02-21 21:02:14 |t č. 1-6 |w 2026-02-21 |y PREZ | ||
| 952 | |0 0 |1 1 |4 0 |7 0 |a SNK |b SNK |d 2012-08-20 |i snkČIP 3847/92 |l 0 |o snkČB 5017/1991/1 |p 17A1019677 |r 2026-02-21 21:02:14 |t č. 1-6 |w 2026-02-21 |y PREZ | ||
| 952 | |0 0 |1 1 |4 0 |7 0 |a SNK |b SNK |d 2012-08-20 |i snkČIP 3849/92 |l 0 |o snkČB 5017/1991/2 |p 17A1019678 |r 2026-02-21 21:02:14 |t č. 7-12 |w 2026-02-21 |y PREZ | ||
| 952 | |0 0 |1 1 |4 0 |7 0 |a SNK |b SNK |d 2012-08-20 |i snkČIP 6168/93 |l 0 |o snkČB 5017/1992/2 |p 17A1019679 |r 2026-02-21 21:02:14 |t č. 7-12 |w 2026-02-21 |y PREZ | ||
| 952 | |0 0 |1 1 |4 0 |7 0 |a SNK |b SNK |d 2012-08-20 |i snkČIP 6166/93 |l 0 |o snkČB 5017/1992/1 |p 17A1019680 |r 2026-02-21 21:02:14 |t č. 1-6 |w 2026-02-21 |y PREZ | ||
| 952 | |0 0 |1 0 |4 0 |7 0 |a SNK |b SNK |d 2016-02-08 |i snkČIP 1363/95 |l 0 |o snkČB 5017/1993 |p 17A0483752 |r 2026-02-21 21:53:19 |t č. 1-6 |w 2026-02-21 |y PREZ |z č. 1-6 | ||


